000 00749nam a2200265Ia 4500
003 OSt
005 20220926013756.0
006 a|||||r|||| 00| 0
007 ta
008 220923b |||||||| |||| 00| 0 eng d
020 _aO47084565I
037 _cGeneral Book
040 _aRTL
_cRTL
_beng
041 _2eng
_aeng
082 _aU672(J), L4
100 _aTarrant John R
245 0 _aAgricultural geography
_bProblems in Modern Geography
260 _aNew York
_bJohn Wiley & Sons U S A
_c1974
300 _a279p.
_ccm.
490 _aProblems In Modern Geography
500 _aIndex:P273-79
650 _aAgricultural Geography
942 _hU672(J), L4
_cGB
_2CC
999 _c626797
_d626797